00554nam a22001457a 4500003000400000005001700004008004100021040001100062041001200073100005200085245012100137260005100258650004300309856005600352OSt20260324161256.0260324b |||||||| |||| 00| 0 eng d cMRSPTU aEnglish aVikas Kumar, Supervisor: Dr. Uttam Kumar Mandal a Adverse Drug Reaction Monitoring of Tramadol In Insomnia Patients Through Research Based Methodology Via Literature bDepartment of Pharmacy, MRSPTU, Bathindac2020 aPharmaceutical Sciences and Technology uhttp://163.47.215.52:8080/jspui/handle/123456789/95